| 000 | 02378cam a22002891i 4500 | ||
|---|---|---|---|
| 003 | SA-RiAUC | ||
| 005 | 20240924132711.0 | ||
| 008 | 240921s2013____le g 000 0 ara c | ||
| 040 |
_aSA-DaKAC _bara _cSA-RiAUC _dKAC _erda |
||
| 082 | 0 | 4 | _a214.61 |
| 090 |
_a214.61 _bا ب ن ق |
||
| 100 | 1 |
_aابن قيم الجوزية، محمد بن أبي بكر بن أيوب، _d691-751 هجري _eمؤلف. |
|
| 245 | 1 | 2 |
_aالطب النبوي / _cابن القيم الجوزية شمس الدين أبو عبد الله محمد بن أبي بكر بن أيوب بن سعد الزرعي الدمشقي ؛ ضبط نصه شعيب الأرنؤوط، عبد القادر الأرنؤوط. |
| 250 | _aالطبعة الثالثة. | ||
| 264 | 1 |
_aبيروت : _bمؤسسة الرسالة ناشرون، _c1982 |
|
| 300 |
_a423 صفحة ؛ _c24 سم |
||
| 336 |
_aنص _btxt _2rdacontent _3كتاب |
||
| 337 |
_aبدون وسيط _bn _2rdamedia |
||
| 338 |
_aمجلد _bnc _2rdacarrier |
||
| 650 | 7 |
_aالطب النبوي _2aucsh |
|
| 700 | 1 |
_aالأرناؤوط، شعيب، _d1928-2016 _eمراجع. |
|
| 700 | 1 |
_aالأرناؤوط، عبد القادر، _d1928-2004 _eمراجع. |
|
| 856 |
_uhttp://saaid.net/book/open.php?cat=94&book=8882 _yExternal Link _2 نرجو الانتباه لإمكانية وجود اختلاف في الطبعة أو الناشر بين البيانات على البوابة وما ستجده على الكتاب نظرا لمحدودية المعلومات المتاحة على الموقع الناشر للمادة. _3Please note that there may be a difference in the edition or publisher between the data on the portal and the book due to the limited information available on the publisher website for the material. |
||
| 856 |
_uhttp://saaid.net/book/15/7461.rar _yDigital Copy _2 نرجو الانتباه لإمكانية وجود اختلاف في الطبعة أو الناشر بين البيانات على البوابة وما ستجده على الكتاب نظرا لمحدودية المعلومات المتاحة على الموقع الناشر للمادة. _3Please note that there may be a difference in the edition or publisher between the data on the portal and the book due to the limited information available on the publisher website for the material. |
||
| 942 |
_2ddc _cBOOK _n0 |
||
| 949 |
_aSA-JeALM _d240921 _umohamedma123 _n1 |
||
| 999 |
_c536 _d536 |
||